Statistics for Great Lakes Quiz

Click here to take the quiz!

General Stats

  • This quiz has been taken 39,906 times
  • The average score is 4 of 5

Answers on the Map

Answers color-coded by a green-red scale on the quiz's map according to % correct below.
 

Answer Stats

Lake% Correct
Lake Michigan
96%
Lake Erie
91%
Lake Superior
91%
Lake Ontario
83%
Lake Huron
80%

Score Distribution

Percentile by Number Answered

Percent of People with Each Score

Your Score History

You have not taken this quiz